Statistics for FIFA 22 TOTW 9

Click here to take the quiz!

General Stats

  • This quiz has been taken 12 times
  • The average score is 8 of 23

Answer Stats

ClubPositionRatingAnswer% Correct
Aston VillaGK86Emiliano Martinez
100%
TottenhamST91Harry Kane
90%
WatfordRW84Ismaila Sarr
90%
PSGST92Kylian Mbappe
90%
LeicesterCB83Jonny Evans
80%
LevanteCM82Enis Bardhi
50%
Real SociedadGK81Mathew Ryan
50%
AtalantaLB81Joakim Maehle
40%
Borussia MonchengladbachRM84Jonas Hofmann
40%
Union BerlinRB81Christopher Trimmel
30%
RB LeipzigCF81Dominik Szoboszlai
30%
BurnleyLW81Maxwel Cornet
30%
LilleST84Burak Yilmaz
20%
FC KolnCAM81Ondrej Duda
20%
Bayer LeverkusenCB78Piero Hincapie
20%
RangersST79Fashion Sakala
10%
Universitatea CraiovaLB78Nicusor Bancu
10%
MK DonsLW75Scott Twine
10%
Pacos De FerreiraCM81Stephen Eustaquio
10%
NapoliCM81Zambo Anguissa
10%
TroyesST79Gerson Rodrigues
0%
Minnesota UnitedCM79Robin Lod
0%
LyonCAM82Xherdan Shaqiri
0%

Score Distribution

Percentile by Number Answered

Percent of People with Each Score

Your Score History

You have not taken this quiz